Oeuvres posthumes / (Record no. 31111)

MARC details
000 -LEADER
campo de control de longitud fija 00805nam a2200181 i 4500
001 - NÚMERO DE CONTROL
campo de control 31111
003 - IDENTIFICADOR DE NÚMERO DE CONTROL
campo de control ES-MaACL
005 - FECHA Y HORA DE LA ÚLTIMA TRANSACCIÓN
campo de control 20230906154318.0
007 - CAMPO FIJO DE DESCRIPCIÓN FÍSICA--INFORMACIÓN GENERAL
campo de control de longitud fija t|
008 - DATOS DE LONGITUD FIJA--INFORMACIÓN GENERAL
campo de control de longitud fija 030128s1908 fr ||||1| fre d
100 1# - ENTRADA PRINCIPAL--NOMBRE DE PERSONA
Nombre de persona Baudelaire, Charles.
9 (RLIN) 26513
245 10 - MENCIÓN DEL TÍTULO
Título Oeuvres posthumes /
Mención de responsabilidad, etc. Charles Baudelaire.
250 ## - MENCION DE EDICION
Mención de edición 5eme ed.
260 ## - PUBLICACIÓN, DISTRIBUCIÓN, ETC.
Lugar de publicación, distribución, etc. París :
Nombre del editor, distribuidor, etc. Mercure de France,
Fecha de publicación, distribución, etc. 1908.
300 ## - DESCRIPCIÓN FÍSICA
Extensión 416 p. ;
Dimensiones 19 cm.
505 8# - NOTA DE CONTENIDO CON FORMATO
Nota de contenido con formato Contiene: Les fleurs du mal. Les espayes. Autres poesies publices du vivant de l'auteur. Poesies publices despues la mort de l'auteur. Poesies apocryphes. Journause intimies. Theatre. Critique litteraire. Travaise sur Edgar Poe. Sur les Beause-Arts. Argument du livre sur la Belgique. Polémiques. Varietis. Baudelaire journaliste. Projects et notes
852 ## - LOCALIZACIÓN
Ubicación ES-MaACL
Número de control de estantería F-9078
Holdings
Estatus retirado Estado de pérdida Estado de daño No para préstamo Biblioteca de origen Biblioteca actual Ubicación en estantería Fecha de adquisición Fuente de adquisición Total de préstamos Signatura topográfica completa Código de barras Visto por última vez Precio de reemplazo Tipo de ítem Koha
        Biblioteca del Ateneo de Madrid Biblioteca del Ateneo de Madrid Sala Pecera Planta 2 17/01/2008     F-9078 1032141 23/02/2023 23/02/2023 Libro impreso